Flora de la Miel (Registro nro. 8323)

Detalles MARC
000 -CABECERA
Campo de control 00906nam a22002297a 4500
005 - FECHA Y HORA DE LA ULTIMA TRANSACCION
Campo de control 20140331090810.0
008 - ELEMENTOS DE LONGITUD FIJA—INFORMACION GENERAL
Campo de control 140331s2010 ck ao gr|||| 00| 0 spa d
020 ## - ISBN
ISBN 9789589771426
041 ## - IDIOMA
Código de idioma para texto/pista de sonido o título separado Español
044 ## - PAÍS DE PUBLICACIÓN
País de publicación Colombia
082 ## - NUMERO DE CLASIFICACION DECIMAL DEWEY
Número de clasificación 580.7
Número del ítem C26f
100 1# - ASIENTO PRINCIPAL--NOMBRE PERSONAL
Nombre personal Cardona Naranjo, Felipe Alfonso
245 10 - MENCION DE TITULO
Título Flora de la Miel
Parte restante del título Central Hidroeléctrica Miel I - Oriente de Caldas
Mención de responsabilidad Felipe Alfonso Cardona Naranjo, Heriberto David Higuita, Saúl Ernesto Hoyos Gómez
260 3# - PUBLICACION, DISTRIBUCION, ETC. (PIE DE IMPRENTA)
Lugar de publicación, distribución, etc. Medellín
Nombre del editor, distribuidor, etc. Universidad de Antioquia
Fecha de publicación, distribución, etc. 2010
300 ## - DESCRIPCION FISICA
Extensión 228 p.
Otros detalles físicos il., fot.
Dimensiones 22 cm
504 ## - NOTA DE BIBLIOGRAFIA, ETC.
Nota de bibliografía Incluye bibliografía (páginas 226 - 228)
650 #4 - ASIENTO SECUNDARIO DE MATERIA - TERMINO TEMATICO
Término temático o nombre geográfico como elemento de entrada Flora
Subdivisión de forma Guía ilustrada
Subdivisión general Miel
Subdivisión geográfica Colombia
650 #4 - ASIENTO SECUNDARIO DE MATERIA - TERMINO TEMATICO
Término temático o nombre geográfico como elemento de entrada Central Hidroeléctrica Miel I
Subdivisión de forma Guía ilustrada
Subdivisión general Plantas vasculares
Subdivisión geográfica Colombia
700 1# - ASIENTO SECUNDARIO - NOMBRE PERSONAL
Nombre personal Higuita, Heriberto David
700 1# - ASIENTO SECUNDARIO - NOMBRE PERSONAL
Nombre personal Hoyos Gómez, Saúl Ernesto
942 ## - ELEMENTOS ADICIONALES (KOHA)
Sistema de clasificación Dewey Decimal Classification
Tipo de ítem Impreso
Existencias
Withdrawn status Lost status Sistema de Clasificación Damaged status No para préstamo Colección Inventariado Ubicación Permanente Ubicación actual Fecha de adquisición Fuente de Valor Valor Total Checkouts Número topográfico Inventario / Código de Barras Date last seen Ejemplar Price effective from Forma de adquisición Tipo de material
    Dewey Decimal Classification     General Inventariado 2017 Bogotá Bogotá 31/03/2014 Instituto 39000.00   LB-580.7 C26f 034188 31/03/2014 Ej. 1 31/03/2014   Libro